[Event "Reykjavik op"]
[Site "Reykjavik"]
[Date "1984.??.??"]
[Round "5"]
[White "Bjornsson, Tomas"]
[Black "Arnason, Asgeir Thor"]
[Result "0-1"]
[WhiteElo "2220"]
[BlackElo "2260"]
[PlyCount "52"]
[EventDate "1984.02.??"]
[Source "ChessBase"]

1. e4 e5 2. Nf3 Nc6 3. Bc4 Nf6 4. Ng5 d5 5. exd5 b5 6. Bxb5 Qxd5 7. Nc3 Qxg2 8. Qf3 Qxf3 9. Nxf3 Bd7 10. Rg1 e4 11. Ng5 Ne5 12. Bxd7+ Kxd7 13. Rg3 Re8 14. Kf1 Nc6 15. d3 Bd6 16. Rh3 exd3 17. Nxf7 Rhf8 18. Nxd6 cxd6 19. cxd3 Ng4 20. Nd1 Nd4 21. Rxh7 Rf7 22. Bg5 Nf3 23. Bh4 Re1+ 24. Kg2 Rg1+ 25. Kh3 Nxh4 26. Kxh4 Ne5 0-1

[Event "Bled op"]
[Site "Bled"]
[Date "1996.??.??"]
[Round "7"]
[White "Wapner, Jonathan"]
[Black "Bozanic, Ivica"]
[Result "1-0"]
[WhiteElo "2235"]
[BlackElo "2240"]
[PlyCount "44"]
[EventDate "1996.03.??"]
[Source "ChessBase"]

1. e4 e5 2. Nf3 Nc6 3. Bc4 Nf6 4. Ng5 d5 5. exd5 b5 6. Bf1 h6 7. Nxf7 Kxf7 8. dxc6 Bc5 9. Be2 Qd4 10. O-O Qh4 11. d3 h5 12. Nd2 Ng4 13. Nf3 Bxf2+ 14. Kh1 Qf6 15. Ng5+ Kg8 16. Bf3 Be6 17. c4 Rf8 18. Qe2 bxc4 19. dxc4 Bd4 20. Nxe6 Nxh2 21. Bg5 Nxf1 22. Rxf1 Qg6 1-0

[Event "HUN Team Ch"]
[Site "HUN"]
[Date "1993.??.??"]
[Round "?"]
[White "Balazs, Tibor Jr"]
[Black "Kovacs, Gabor 2"]
[Result "1-0"]
[WhiteElo "2240"]
[BlackElo "2225"]
[PlyCount "87"]
[EventDate "1993.??.??"]
[Source "www.chesslib.no"]
[SourceDate "2004.05.04"]

1. e4 e5 2. Nf3 Nc6 3. Bc4 Nf6 4. Ng5 d5 5. exd5 b5 6. Bf1 Nd4 7. c3 Nxd5 8. cxd4 Qxg5 9. Bxb5+ Bd7 10. Bxd7+ Kxd7 11. Qf3 exd4 12. O-O Be7 13. d3 Qe5 14. Nd2 c6 15. Nc4 Qf6 16. Qg4+ Qe6 17. Qxd4 Bf6 18. Qc5 Rhb8 19. Qa5 Nb4 20. Bf4 Rb7 21. Rad1 Nd5 22. Rfe1 Qg4 23. Ne5+ Bxe5 24. Bxe5 Rb5 25. Qd2 f6 26. h3 Qa4 27. Bg3 Kc8 28. Qe2 Kb7 29. a3 f5 30. Bd6 Rd8 31. Be5 Re8 32. d4 Qb3 33. Qh5 Re7 34. Qxf5 Qxb2 35. a4 Rb6 36. a5 Rb5 37. Rb1 Qc3 38. a6+ Kxa6 39. Qc8+ Reb7 40. Rbc1 Qb2 41. Qxc6+ Nb6 42. Ra1+ Ra5 43. Rxa5+ Kxa5 44. Qxb7 1-0

[Event "Zalakaros Open"]
[Site "Zalakaros"]
[Date "1994.??.??"]
[Round "8"]
[White "Schild, Herbert"]
[Black "Sasdi, Sandor"]
[Result "1-0"]
[WhiteElo "2210"]
[BlackElo "2235"]
[PlyCount "77"]
[EventDate "1994.??.??"]
[Source "www.chesslib.no"]
[SourceDate "2004.05.04"]

1. e4 e5 2. Nf3 Nc6 3. Bc4 Nf6 4. Ng5 d5 5. exd5 b5 6. Bb3 Nd4 7. c3 Nxb3 8. Qxb3 Qxd5 9. Qxd5 Nxd5 10. O-O Bb7 11. Re1 Bd6 12. d4 f6 13. dxe5 fxe5 14. f4 O-O 15. fxe5 Bc5+ 16. Kh1 Rae8 17. Nf3 Nxc3 18. Be3 Bxe3 19. Rxe3 Nd1 20. Re1 Nxb2 21. Nbd2 Nd3 22. Re3 Nb4 23. Rb3 c5 24. Rc1 Bd5 25. Ra3 a6 26. Rxc5 Rc8 27. Rac3 Rxc5 28. Rxc5 Bxa2 29. Ne4 Nd3 30. Rc2 Bb1 31. Re2 Nf4 32. Re1 Bxe4 33. Rxe4 Ne6 34. Kg1 a5 35. Nd4 Nxd4 36. Rxd4 Rb8 37. e6 b4 38. e7 Kf7 39. Rd8 1-0

[Event "POL-chT disctrict"]
[Site "Slask"]
[Date "1996.??.??"]
[Round "?"]
[White "Blasiak, Miroslaw"]
[Black "Kaula, Roman"]
[Result "0-1"]
[WhiteElo "2125"]
[BlackElo "2315"]
[PlyCount "62"]
[EventDate "1996.??.??"]
[Source "www.chesslib.no"]
[SourceDate "2004.05.04"]

1. e4 e5 2. Nf3 Nc6 3. Bc4 Nf6 4. Ng5 d5 5. exd5 b5 6. Bf1 h6 7. Nf3 Qxd5 8. Nc3 Qe6 9. Bxb5 Bb7 10. Qe2 O-O-O 11. d3 Nd4 12. Nxd4 exd4 13. Qxe6+ fxe6 14. Ne2 Bxg2 15. Rg1 Bf3 16. Nf4 g5 17. Ng6 Rg8 18. Nxf8 Rgxf8 19. Bc4 Nd5 20. b3 Rf5 21. Rg3 Rdf8 22. Bxd5 Rxd5 23. Ba3 Re5+ 24. Kf1 Rff5 25. Bb2 c5 26. Re1 Rxe1+ 27. Kxe1 Re5+ 28. Kf1 g4 29. h3 h5 30. hxg4 hxg4 31. b4 Re2 0-1

[Event "Budapest FS10 IM-B"]
[Site "Budapest"]
[Date "1997.10.16"]
[Round "12"]
[White "Kahn, Evarth"]
[Black "Ciornei, Dragos"]
[Result "1-0"]
[WhiteElo "2270"]
[BlackElo "2165"]
[PlyCount "37"]
[EventDate "1997.10.05"]
[Source "ChessBase"]
[SourceDate "1998.03.09"]

1. e4 e5 2. Nf3 Nc6 3. Bc4 Nf6 4. Ng5 d5 5. exd5 b5 6. Bxb5 Qxd5 7. Nc3 Qxg2 8. Qf3 Qxf3 9. Nxf3 Bd7 10. d3 Bd6 11. Bd2 O-O 12. O-O-O a6 13. Ba4 Rab8 14. Rhg1 Nd4 15. Nxd4 exd4 16. Bxd7 dxc3 17. Bxc3 Nxd7 18. Rxg7+ Kh8 19. Rg8+ 1-0

[Event "Papp Bela Memorial"]
[Site "HUN"]
[Date "1995.??.??"]
[Round "?"]
[White "Ivakhin, Maxim"]
[Black "Csorba, Janos"]
[Result "1-0"]
[WhiteElo "2300"]
[BlackElo "2135"]
[PlyCount "113"]
[EventDate "1995.??.??"]
[Source "www.chesslib.no"]
[SourceDate "2004.05.04"]

1. e4 e5 2. Nf3 Nc6 3. Bc4 Nf6 4. Ng5 d5 5. exd5 b5 6. Bf1 Ng4 7. h4 Bc5 8. Qf3 Bxf2+ 9. Kd1 O-O 10. dxc6 Ne3+ 11. Ke2 Bg4 12. dxe3 Bxf3+ 13. gxf3 Bxh4 14. Rxh4 Qxg5 15. Rg4 Qh5 16. Nc3 f5 17. Rg3 f4 18. Rh3 Qg6 19. Ne4 Qxc6 20. c3 Rad8 21. Bd2 h6 22. Ke1 g5 23. exf4 exf4 24. Be2 Rde8 25. Rh2 g4 26. Rg2 h5 27. Bd3 Kh8 28. c4 gxf3 29. Bc3+ Kh7 30. Rg7+ Kh6 31. Kf2 Rxe4 32. Rag1 Rfe8 33. R1g6+ Qxg6 34. Rxg6+ Kxg6 35. Kxf3 Kg5 36. Bxe4 h4 37. Bd2 Rf8 38. cxb5 h3 39. Bc6 Rf6 40. a4 h2 41. Kg2 Re6 42. Bf3 Rd6 43. Bc3 Rh6 44. Kh1 Rh3 45. Bg2 Re3 46. Kxh2 Kg4 47. Bf1 Kf3 48. Bd4 Re6 49. Bxa7 Rh6+ 50. Bh3 Ke2 51. a5 f3 52. Kg3 Rh5 53. Bg4 Rxb5 54. Bxf3+ Kd3 55. a6 c5 56. Bc6 Ra5 57. Bb6 1-0

[Event "Kringsja"]
[Site "Oslo"]
[Date "1978.??.??"]
[Round "6"]
[White "Ofstad, Per"]
[Black "Heggheim, Bjorn"]
[Result "1-0"]
[WhiteElo "2230"]
[BlackElo "2200"]
[PlyCount "61"]
[EventDate "1978.01.??"]
[Source "ChessBase"]

1. e4 e5 2. Nf3 Nc6 3. Bc4 Nf6 4. Ng5 d5 5. exd5 b5 6. Bf1 Nxd5 7. Bxb5 Bb7 8. Qf3 f6 9. Ne6 Qd6 10. Qxd5 Qxd5 11. Nxc7+ Kd8 12. Nxd5 Nd4 13. Bc4 Nxc2+ 14. Kd1 Nxa1 15. d3 Rc8 16. Nbc3 e4 17. b3 exd3 18. Bxd3 Bc5 19. Be3 Bxe3 20. fxe3 Rc5 21. Bc4 Re8 22. Kd2 Re5 23. e4 f5 24. Rxa1 fxe4 25. Ne3 Rc6 26. Ke2 Ba6 27. Rd1+ Kc8 28. Rf1 Bxc4+ 29. Nxc4 Rg5 30. g3 Re6 31. Ke3 1-0

[Event "Corr"]
[Site "?"]
[Date "2000.??.??"]
[Round "?"]
[White "Fenghan Rex"]
[Black "Nasman Per"]
[Result "0-1"]
[WhiteElo "2051"]
[BlackElo "2374"]
[PlyCount "86"]
[EventDate "2000.??.??"]
[Source "www.chesslib.no"]
[SourceDate "2004.05.04"]

1. e4 e5 2. Nf3 Nc6 3. Bc4 Nf6 4. Ng5 d5 5. exd5 b5 6. Qe2 bxc4 7. dxc6 Qd5 8. f4 h6 9. Nc3 Qxc6 10. fxe5 Nd5 11. Qf3 hxg5 12. Qxd5 Bb7 13. Qxc6+ Bxc6 14. O-O Bc5+ 15. Kh1 O-O-O 16. d3 cxd3 17. Bxg5 Rd4 18. cxd3 Rg4 19. Ne4 Bxe4 20. dxe4 Rxg5 21. Rxf7 Rxe5 22. Rxg7 Rxe4 23. Rc1 Bd6 24. h3 Re2 25. Rg6 Kd7 26. Rg7+ Ke6 27. Rg6+ Kf5 28. Rg4 Rxb2 29. a4 Rhb8 30. Rf1+ Ke6 31. Re1+ Kd7 32. Rg7+ Kc6 33. Rc1+ Kb6 34. Rg4 a5 35. Kg1 Ka6 36. Rc6+ R8b6 37. Rxb6+ Kxb6 38. Rg6 Rb4 39. g4 Rxa4 40. h4 Rb4 41. Kf2 a4 42. Rg8 a3 43. Ra8 Rxg4 0-1

[Event "Olimpiadi 2008 - fem"]
[Site "Dresda GER"]
[Date "2008.11.22"]
[Round "9"]
[White "Van Weersel, A."]
[Black "Agrest, I."]
[Result "1-0"]
[WhiteElo "2209"]
[BlackElo "2215"]
[PlyCount "159"]
[EventDate "2008.11.13"]
[Source "www.chesslib.no"]
[SourceDate "2004.05.04"]

1. e4 e5 2. Nf3 Nc6 3. Bc4 Nf6 4. Ng5 d5 5. exd5 b5 6. Bf1 h6 7. Nf3 Qxd5 8. Nc3 Qe6 9. Bxb5 Bb7 10. Qe2 O-O-O 11. Bc4 Qd7 12. d3 Nd4 13. Nxd4 exd4 14. Ne4 Re8 15. O-O Nxe4 16. dxe4 Rxe4 17. Qd3 Bd6 18. f3 Rh4 19. h3 Re8 20. Bd2 Bg3 21. Be1 Re3 22. Qh7 Bxe1 23. Raxe1 Qe8 24. Rd1 Re5 25. Qxg7 Rg5 26. Qxf7 Qe3+ 27. Rf2 Re5 28. Qf8+ Re8 29. Qf5+ Kb8 30. Qb5 a6 31. Qb3 Ka7 32. Bd5 Bxd5 33. Qxd5 Re5 34. Qd8 Re7 35. Qd5 Re5 36. Qc6 Rf4 37. Qxc7+ Ka8 38. Qc6+ Ka7 39. Qc7+ Ka8 40. Qb6 Re6 41. Qd8+ Ka7 42. c3 Re7 43. Rxd4 Rff7 44. Rb4 Qe1+ 45. Rf1 Qe3+ 46. Kh1 Rb7 47. Qd4+ Qxd4 48. Rxb7+ Rxb7 49. cxd4 Rxb2 50. Rd1 Kb7 51. f4 Rxa2 52. f5 Rf2 53. g4 Kc7 54. Kg1 Rf4 55. Kg2 Kd7 56. Kg3 Re4 57. Kf3 Re8 58. Ra1 Ra8 59. Ra5 Ke7 60. h4 Kf7 61. Kf4 Rd8 62. d5 Rb8 63. Rxa6 Rb4+ 64. Ke5 Rxg4 65. Rxh6 Rg1 66. Rh7+ Ke8 67. d6 Re1+ 68. Kf6 Rd1 69. d7+ Kd8 70. h5 Rd2 71. Kg6 Rg2+ 72. Kh6 Rf2 73. Rf7 Rh2 74. Kg6 Rg2+ 75. Kh7 Rg1 76. h6 Rg5 77. Kh8 Kc7 78. h7 Kd8 79. Rg7 Rxf5 80. Kg8 1-0

[Event "CZE-chT2 9899"]
[Site "CZE"]
[Date "1999.??.??"]
[Round "?"]
[White "Trefny, Vlastimil"]
[Black "Plesek, Jiri"]
[Result "1-0"]
[WhiteElo "2250"]
[BlackElo "2170"]
[PlyCount "95"]
[EventDate "1998.??.??"]
[Source "www.chesslib.no"]
[SourceDate "2004.05.04"]

1. e4 e5 2. Nf3 Nc6 3. Bc4 Nf6 4. Ng5 d5 5. exd5 b5 6. Bf1 Nd4 7. c3 Nxd5 8. Nxf7 Kxf7 9. cxd4 exd4 10. Qf3+ Nf6 11. Bxb5 Be6 12. O-O Bd6 13. Na3 Rb8 14. Bc4 Re8 15. Bxe6+ Rxe6 16. Nc4 Kg8 17. d3 Rb5 18. Nxd6 Qxd6 19. Bf4 Qb6 20. b3 Rc5 21. Rae1 Rxe1 22. Rxe1 Qa5 23. Qe2 h6 24. Kf1 Rc6 25. Qf3 Qa6 26. Be5 Re6 27. Bxd4 Rxe1+ 28. Kxe1 Qa5+ 29. Kf1 Qxa2 30. Bxf6 Qb1+ 31. Ke2 Qc2+ 32. Ke3 Qc1+ 33. Kd4 gxf6 34. Qa8+ Kg7 35. Qxa7 Qb2+ 36. Kc4 Qc2+ 37. Kb4 Qd2+ 38. Kb5 Qxd3+ 39. Kc6 Qc3+ 40. Kd7 Qxb3 41. Qxc7 Qd1+ 42. Ke6+ Kg8 43. Qc8+ Kg7 44. Qd7+ Qxd7+ 45. Kxd7 Kf7 46. f4 Kg6 47. Ke6 h5 48. h4 1-0

[Event "Kassel op"]
[Site "Kassel"]
[Date "2000.06.21"]
[Round "7"]
[White "Schmitz, Andreas"]
[Black "Schlange, Stefan"]
[Result "1-0"]
[WhiteElo "2159"]
[BlackElo "2258"]
[PlyCount "93"]
[EventDate "2000.06.19"]
[Source "www.chesslib.no"]
[SourceDate "2004.05.04"]

1. e4 e5 2. Nf3 Nc6 3. Bc4 Nf6 4. Ng5 d5 5. exd5 b5 6. Bf1 Nd4 7. c3 Nxd5 8. Nh3 Nc6 9. Bxb5 Qd6 10. Ng5 Be7 11. Qh5 Bxg5 12. Qxg5 O-O 13. O-O e4 14. d4 f5 15. Bc4 Nce7 16. Bf4 Qc6 17. Be5 Ng6 18. Bxd5+ Qxd5 19. Bxc7 Ba6 20. Re1 Rf7 21. Bf4 Rf6 22. Nd2 h6 23. Qg3 Ne7 24. f3 Rg6 25. fxe4 fxe4 26. Qe3 Bb7 27. c4 Qf5 28. d5 Rg4 29. Bg3 Re8 30. h3 Rg6 31. Rf1 Qh5 32. Nxe4 Nf5 33. Rxf5 Qxf5 34. Nf6+ Qxf6 35. Qxe8+ Kh7 36. Qe5 Qb6+ 37. Bf2 Qd8 38. Qe4 Bc8 39. Kh2 Qd6+ 40. g3 Qd7 41. g4 Qd6+ 42. Bg3 Qb4 43. Qc2 Qc5 44. Rf1 Bb7 45. h4 Bxd5 46. h5 Qf2+ 47. Rxf2 1-0

[Event "AUT-chT2M 9900"]
[Site "?"]
[Date "1999.10.24"]
[Round "3.2"]
[White "Teufl Siegfried"]
[Black "Hackbarth Wolfgang"]
[Result "0-1"]
[WhiteElo "2258"]
[BlackElo "2157"]
[PlyCount "183"]
[EventDate "1999.??.??"]
[Source "www.chesslib.no"]
[SourceDate "2004.05.04"]

1. e4 e5 2. Nf3 Nc6 3. Bc4 Nf6 4. Ng5 d5 5. exd5 b5 6. Bxb5 Qxd5 7. Bf1 h6 8. Nc3 Qd7 9. Nge4 Nxe4 10. Nxe4 Bb7 11. d3 f5 12. Qh5+ Qf7 13. Qxf7+ Kxf7 14. Ng3 Nd4 15. Kd1 g6 16. c3 Ne6 17. f3 Bg7 18. Kc2 c5 19. h4 h5 20. Bd2 a5 21. a4 Bd5 22. Ne2 Rhb8 23. c4 Bc6 24. Bc3 Nd4+ 25. Nxd4 cxd4 26. Bd2 e4 27. fxe4 fxe4 28. Bf4 Rb7 29. Rg1 Kg8 30. g4 Rf8 31. Bg3 hxg4 32. Be2 Bd7 33. b3 Bf5 34. Rad1 Re8 35. Rge1 Bf8 36. dxe4 Rxe4 37. Bd3 Re3 38. Rxe3 dxe3 39. h5 e2 40. Rb1 Bb4 41. hxg6 Bxd3+ 42. Kxd3 Re7 43. Be1 g3 44. Bxg3 e1=Q 45. Bxe1 Bxe1 46. c5 Bb4 47. c6 Rc7 48. Rc1 Kg7 49. Ke4 Kxg6 50. Kd5 Kf6 51. Rh1 Rg7 52. Rc1 Rc7 53. Rc4 Ke7 54. Rh4 Rc8 55. Rh7+ Kd8 56. Ra7 Rc7 57. Ra8+ Rc8 58. Ra7 Rc7 59. Ra6 Re7 60. Ra8+ Kc7 61. Ra6 Re3 62. Ra7+ Kb8 63. Rb7+ Kc8 64. Rh7 Rc3 65. Rh8+ Kc7 66. Rh7+ Kb8 67. Rh8+ Ka7 68. Rh7+ Ka6 69. c7 Kb7 70. c8=Q+ Kxc8 71. Rh8+ Kb7 72. Rh7+ Rc7 73. Rh1 Rc5+ 74. Kd4 Rc3 75. Rh7+ Kb6 76. Rh6+ Rc6 77. Rh5 Bc5+ 78. Kc3 Bf2+ 79. Kb2 Bd4+ 80. Kb1 Bc5 81. Kc2 Bb4+ 82. Kb2 Rd6 83. Rh3 Rd2+ 84. Kc1 Kc5 85. Rh5+ Kd4 86. Rh4+ Kc3 87. Rc4+ Kxb3 88. Rxb4+ axb4 89. Kxd2 Kxa4 90. Kc2 Ka3 91. Kb1 Kb3 92. Ka1 0-1

[Event "Zagreb"]
[Site "Zagreb"]
[Date "1997.??.??"]
[Round "6"]
[White "Biti, Ozren"]
[Black "Krstic, Uros"]
[Result "1/2-1/2"]
[WhiteElo "2135"]
[BlackElo "2270"]
[PlyCount "33"]
[EventDate "1997.??.??"]
[Source "www.chesslib.no"]
[SourceDate "2004.05.04"]

1. e4 e5 2. Nf3 Nc6 3. Bc4 Nf6 4. Ng5 d5 5. exd5 b5 6. Bxb5 Qxd5 7. Be2 Nd4 8. Nf3 Nxe2 9. Qxe2 Bd6 10. Nc3 Qe6 11. d4 exd4 12. Nxd4 Qxe2+ 13. Ndxe2 Bf5 14. Nd4 Bg6 15. O-O O-O 16. Ncb5 Bc5 17. Nb3 1/2-1/2

[Event "Heart of Finland op"]
[Site "?"]
[Date "1997.??.??"]
[Round "9"]
[White "Lehtinen, Heikki"]
[Black "Molander, Riku"]
[Result "0-1"]
[WhiteElo "2205"]
[BlackElo "2200"]
[PlyCount "34"]
[EventDate "1997.??.??"]
[Source "www.chesslib.no"]
[SourceDate "2004.05.04"]

1. e4 e5 2. Nf3 Nc6 3. Bc4 Nf6 4. Ng5 d5 5. exd5 b5 6. Bxb5 Qxd5 7. Nc3 Qxg2 8. Rf1 Bb7 9. d3 O-O-O 10. Nxf7 Bb4 11. Nxh8 Nd4 12. Be3 Bf3 13. Qc1 Be2 14. Kd2 Ne4+ 15. dxe4 Bxb5 16. Bxd4 Rxd4+ 17. Ke3 Bxc3 0-1

[Event "Aalborg Open"]
[Site "Aalborg DEN"]
[Date "1994.??.??"]
[Round "6"]
[White "Strange, Mikkel"]
[Black "Aagaard, Jacob"]
[Result "0-1"]
[WhiteElo "2155"]
[BlackElo "2250"]
[PlyCount "54"]
[EventDate "1994.??.??"]
[Source "www.chesslib.no"]
[SourceDate "2004.05.04"]

1. e4 e5 2. Nf3 Nc6 3. Bc4 Nf6 4. Ng5 d5 5. exd5 b5 6. Bf1 h6 7. Nf3 Qxd5 8. Nc3 Qe6 9. Bxb5 Bb7 10. d3 O-O-O 11. Bxc6 Qxc6 12. Qe2 e4 13. dxe4 Ba6 14. Qe3 Bc5 15. Ne5 Qd6 16. Nxf7 Qb6 17. Qf3 Rd7 18. Nxh8 Ng4 19. Bd2 Bxf2+ 20. Kd1 Qd4 21. Kc1 Qxd2+ 22. Kb1 Ne3 23. Rc1 Bd3 24. a4 Nxc2 25. Rd1 Ne3+ 26. Ka2 Bc4+ 27. Ka3 Nc2# 0-1

[Event "Camp. britannico 2008"]
[Site "Liverpool ING"]
[Date "2008.08.05"]
[Round "8"]
[White "Williamson, R."]
[Black "Lyell, M."]
[Result "1-0"]
[WhiteElo "2169"]
[BlackElo "2232"]
[PlyCount "77"]
[EventDate "2008.07.28"]
[Source "www.chesslib.no"]
[SourceDate "2004.05.04"]

1. e4 e5 2. Nf3 Nc6 3. Bc4 Nf6 4. Ng5 d5 5. exd5 b5 6. Bf1 Nd4 7. c3 Nf5 8. Bxb5+ Bd7 9. Qa4 Bc5 10. Ne6 fxe6 11. dxe6 O-O 12. exd7 Bxf2+ 13. Kxf2 Ne4+ 14. Ke1 Qh4+ 15. Kd1 Nf2+ 16. Kc2 Nxh1 17. Qxh4 Nxh4 18. Bc6 Rad8 19. d4 Rf2+ 20. Kd3 h6 21. Na3 exd4 22. Bd2 Rf6 23. Bd5+ Kf8 24. Rxh1 Rxd7 25. c4 Ng6 26. Bb4+ Ke8 27. Re1+ Kd8 28. g3 Ne7 29. Be6 Nc6 30. Bc5 Rf3+ 31. Kd2 d3 32. Bxd7 Kxd7 33. Nb5 Rf5 34. Bxa7 Ne5 35. Re4 c6 36. Nc3 Kd6 37. Be3 g5 38. g4 Rf3 39. c5+ 1-0